Home for the holidays /

Bibliographic Details
Main Author: Lindsey, Johanna
Format: Book
Language:English
Published: New York : William Morrow, [2000]
Edition:1st ed.
Subjects:

MARC

Tag First Indicator Second Indicator Subfields
LEADER 00000cam a2200000Ia 4500
001 in00001574496
005 20151022093234.0
008 000911s2000 nyu 000 1 eng d
010 |a  00059450  
019 |a 47961183 
020 |a 0380978563 :  |c $18.00 
020 |a 9780380978564 (alk. paper) 
035 |a (OCoLC)ocm44990169 
040 |a WVK  |c WVK  |d HQB  |d SLC  |d UtOrBLW 
049 |a TXAM 
082 0 |a 813/.54  |2 21 
090 |a PS3562.I5123  |b H65 2000 
100 1 |a Lindsey, Johanna. 
245 1 0 |a Home for the holidays /  |c Johanna Lindsey. 
250 |a 1st ed. 
264 1 |a New York :  |b William Morrow,  |c [2000] 
264 4 |c ©2000 
300 |a 240 pages ;  |c 19 cm. 
336 |a text  |b txt  |2 rdacontent 
337 |a unmediated  |b n  |2 rdamedia 
338 |a volume  |b nc  |2 rdacarrier 
650 0 |a Christmas stories. 
651 0 |a London (England)  |v Fiction. 
655 7 |a Love stories.  |2 gsafd 
655 7 |a Historical fiction.  |2 gsafd 
948 |a cataloged  |b h  |c 2007/4/02  |d c  |e rrojas  |f 9:05 am 
994 |a E0  |b TXA 
999 |a MARS 
999 f f |s 2a212a97-2af3-3554-a54e-c31c17e95bae  |i ca0404be-6f7d-311a-8d59-afeba98d416e  |t 0 
952 f f |p normal  |a Texas A&M University  |b College Station  |c Sterling C. Evans Library  |d Evans: Library Stacks  |t 0  |e PS3562.I5123 H65 2000  |h Library of Congress classification  |i unmediated -- volume  |m A14827078908 
998 f f |a PS3562.I5123 H65 2000  |t 0  |l Evans: Library Stacks